[Event "BRA-ch U20"]
[Site "Blumenau"]
[Date "2014.12.12"]
[Round "3"]
[White "Werner, Daniel Vicente"]
[Black "Vitorazzi, Vitor Jose Batista"]
[Result "1/2-1/2"]
[WhiteElo "1805"]
[BlackElo "1794"]
[PlyCount "30"]
[EventDate "2014.12.11"]
[EventType "swiss"]
[EventRounds "7"]
[EventCountry "BRA"]
[SourceTitle "EXT 2016"]
[Source "ChessBase"]
[SourceDate "2015.10.08"]
[SourceVersion "1"]
[SourceVersionDate "2015.10.08"]
[SourceQuality "1"]

1. e4 e5 2. Nf3 Nf6 3. Nxe5 d6 4. Nf3 Nxe4 5. d4 d5 6. Be2 Nc6 7. 0-0 Bd6 8. Nc3 Nxc3 9. bxc3 Be6 10. Rb1 Rb8 11. Re1 h6 12. Be3 0-0 13. Qd2 Re8 14. Bd3 Bf8 15. Bb5 Bd6 1/2-1/2